Jawaharlal Nehru's speeches. V 2 (Record no. 37699)
[ view plain ]
| 000 -LEADER | |
|---|---|
| fixed length control field | 00286nam a2200109Ia 4500 |
| 082 ## - DEWEY DECIMAL CLASSIFICATION NUMBER | |
| Classification number | 004 |
| Item number | JAW.2 |
| 100 ## - MAIN ENTRY--AUTHOR NAME | |
| Personal name | Jawaharlal Nehru |
| 245 #0 - TITLE STATEMENT | |
| Title | Jawaharlal Nehru's speeches. V 2 |
| 260 ## - PUBLICATION, DISTRIBUTION, ETC. (IMPRINT) | |
| Place of publication | India |
| Name of publisher | Publication Division |
| Year of publication | 1983 |
| 942 ## - ADDED ENTRY ELEMENTS (KOHA) | |
| Koha item type | Books |
| Withdrawn status | Lost status | Damaged status | Not for loan | Home library | Current library | Date acquired | Cost, normal purchase price | Full call number | Accession Number | Koha item type |
|---|---|---|---|---|---|---|---|---|---|---|
| RRII Library | RRII Library | 16/12/2021 | 80.00 | 004 JAW.2 | 18079 | Books |